The english roses

Bibliographic Details
Main Author: Madonna
Format: Book
Published: England : Penguin Group , 2003
Subjects:

MARC

LEADER 00000cam a2200000 7i4500
001 0000002959
005 20220105103940.0
008 070717
020 |a 0141381809 
090 0 0 |a JF   |b ENG (1867) 
100 1 |a Madonna 
245 1 4 |a The english roses   |c Madonna 
260 |a England :   |b Penguin Group ,   |c 2003 
500 |a Children age 4-6 years old (yellow) 
650 0 |a Children stories, English 
999 |a 0000963989   |b Book   |c Children Collection   |e Perbadanan Perpustakaan Awam Johor